| 000 | 00461nam a22001697a 4500 | ||
|---|---|---|---|
| 020 | _a9788199151697 | ||
| 082 |
_aM803 _bNIT/E |
||
| 100 | _aNitheesh Narayanan | ||
| 245 |
_aEnte chirakinaakaashavum nee thannu/ _cby Nitheesh Narayanan |
||
| 260 |
_aCalicut: _bMankind literature, _c2025. |
||
| 300 | _a136p. | ||
| 650 | _aMemoirs Nitheesh Narayanan | ||
| 650 | _aMemoirs Malayalam | ||
| 650 | _aLiterature Malayalam | ||
| 650 | _aLiterature | ||
| 942 | _cBK | ||
| 999 |
_c181849 _d181849 |
||